Zánik a zrušenie právnickej osoby z účtovného a daňového hľadiska diplomová práca

Uložené v:
Podrobná bibliografia
Hlavný autor: Vitková, Barbora
Korporativný autor: Národohospodárska fakulta EU. Katedra financií
Ďalší autori: Šabíková, Ingrid
Médium: Kniha
Jazyk:Slovak
Vydavateľské údaje: Bratislava 2013
Tagy: Pridať tag
Žiadne tagy, Buďte prvý, kto otaguje tento záznam!

MARC

LEADER 00000nbm a2200000 4500
001 0177415
005 20170201085200.1
041 0 |a slo 
044 |a SK 
245 1 0 |a Zánik a zrušenie právnickej osoby z účtovného a daňového hľadiska  |b diplomová práca  |c Barbora Vitková ; školiteľ: Ingrid Šabíková 
264 1 |a Bratislava  |c 2013 
300 |a 60 s. 
100 1 |a Vitková, Barbora 
700 1 |a Šabíková, Ingrid 
710 2 |a Národohospodárska fakulta EU. Katedra financií